[Event "FRA-chT Top 12"]
[Site "Drancy"]
[Date "2016.06.04"]
[Round "8.5"]
[White "Leroy, Didier"]
[Black "Sanchez, Joseph"]
[Result "1-0"]
[WhiteElo "2289"]
[BlackElo "2490"]
[PlyCount "103"]
[EventDate "2016.05.28"]
[EventType "team-tourn"]
[EventRounds "11"]
[EventCountry "FRA"]
[SourceTitle "CBM 172 Extra"]
[Source "ChessBase"]
[SourceDate "2016.06.21"]
[SourceVersion "1"]
[SourceVersionDate "2016.06.21"]
[SourceQuality "1"]
[WhiteTeam "Evry Grand Roque"]
[BlackTeam "Nice Alekhine"]
[WhiteTeamCountry "FRA"]
[BlackTeamCountry "FRA"]

1. e4 c5 2. Nc3 Nc6 3. Bb5 Nd4 4. Nf3 a6 5. Bc4 e6 6. Nxd4 cxd4 7. Ne2 Bc5 8. c3 Qc7 9. cxd4 Bxd4 10. Bb3 Bb6 11. d4 Ba5+ 12. Bd2 Nf6 13. Ng3 d6 14. 0-0 Bxd2 15. Qxd2 0-0 16. Rac1 Qb8 17. f4 Rd8 18. e5 Ne8 19. Qf2 g6 20. Ne4 Bd7 21. Qh4 Rc8 22. Ng5 h5 23. Rxc8 Qxc8 24. g4 Ng7 25. f5 gxf5 26. gxf5 Bb5 27. fxe6 Bxf1 28. exf7+ Kh8 29. f8Q+ Qxf8 30. Nf7+ Kg8 31. Qf6 Bh3 32. Ng5+ Ne6 33. Nxh3 Qxf6 34. exf6 Kf7 35. Ng5+ Kxf6 36. Nxe6 Re8 37. Nf4 Kg5 38. Nxh5 Re4 39. Ng7 Re2 40. h4+ Kg6 41. Ne6 Rxb2 42. Nd8 b5 43. Nb7 d5 44. Bxd5 Rd2 45. Be4+ Kf6 46. d5 Ke5 47. d6 Kxe4 48. d7 a5 49. d8Q Rxd8 50. Nxd8 a4 51. Nc6 Kd5 52. h5 1-0

[Event "Marseilles op 7th"]
[Site "Marseille"]
[Date "2014.12.28"]
[Round "5"]
[White "Riff, Jean Noel"]
[Black "Sanchez, Joseph"]
[Result "1-0"]
[WhiteElo "2500"]
[BlackElo "2503"]
[PlyCount "43"]
[EventDate "2014.12.26"]
[EventType "swiss"]
[EventRounds "9"]
[EventCountry "FRA"]
[SourceTitle "EXT 2016"]
[Source "ChessBase"]
[SourceDate "2015.10.08"]
[SourceVersion "1"]
[SourceVersionDate "2015.10.08"]
[SourceQuality "1"]

1. e4 c5 2. Nf3 Nc6 3. d4 cxd4 4. Nxd4 Nf6 5. Nc3 d6 6. Bg5 Bd7 7. Qd2 Rc8 8. f4 Nxd4 9. Qxd4 Qa5 10. e5 dxe5 11. fxe5 Bc6 12. 0-0-0 Nd7 13. Bc4 e6 14. Rhe1 Bb4 15. Ne4 0-0 16. c3 Bxe4 17. Rxe4 Nb6 18. Bb3 Bc5 19. Qd3 Rfe8 20. Rh4 h6 21. Rxh6 gxh6 22. Bf6 1-0

[Event "Cannes op 26th"]
[Site "Cannes"]
[Date "2014.07.08"]
[Round "3"]
[White "Sanchez, Joseph"]
[Black "Yevseev, Denis"]
[Result "0-1"]
[WhiteElo "2510"]
[BlackElo "2522"]
[PlyCount "94"]
[EventDate "2014.07.07"]
[EventType "swiss"]
[EventRounds "9"]
[EventCountry "FRA"]
[SourceTitle "EXT 2015"]
[Source "ChessBase"]
[SourceDate "2014.11.20"]
[SourceVersion "1"]
[SourceVersionDate "2014.11.20"]
[SourceQuality "1"]

1. e4 c6 2. d4 d5 3. e5 Bf5 4. Nf3 e6 5. Be2 Ne7 6. 0-0 c5 7. Be3 Nec6 8. c3 Nd7 9. Nbd2 Be7 10. Ne1 Qb6 11. Bd3 Qxb2 12. Nb3 Bxd3 13. Nxd3 Qa3 14. dxc5 Ndxe5 15. Nxe5 Nxe5 16. f4 Nc4 17. Bd4 0-0-0 18. Bxg7 Ne3 19. Qh5 Nxf1 20. Bxh8 Rxh8 21. Qxf7 Bxc5+ 22. Kh1 Kb8 23. Qxe6 Rc8 24. Rxf1 Bb6 25. Qe5+ Bc7 26. Qe2 Qd6 27. Nd4 Bb6 28. f5 Qf6 29. Qd3 a6 30. g4 Ka7 31. Nf3 Rxc3 32. Qxd5 Qh6 33. Ne1 Bc7 34. Qd4+ Ka8 35. Rf2 Rc1 36. Qe4 Qh4 37. Qe8+ Bb8 38. Qe3 Bxh2 39. Kg2 Rc4 40. Nf3 Rxg4+ 41. Kf1 Qh3+ 42. Ke2 Bb8 43. f6 Rf4 44. Nd2 Qg4+ 45. Kf1 Qd1+ 46. Kg2 Rg4+ 47. Kh3 Rg6 0-1

[Event "Lake Maggiore op 1st"]
[Site "Arolo di Leggiuno"]
[Date "2014.05.31"]
[Round "4"]
[White "Mantovani, Renzo"]
[Black "Sanchez, Joseph"]
[Result "1/2-1/2"]
[WhiteElo "2346"]
[BlackElo "2512"]
[PlyCount "126"]
[EventDate "2014.05.30"]
[EventType "swiss"]
[EventRounds "5"]
[EventCountry "ITA"]
[SourceTitle "CBM 160 Extra"]
[Source "ChessBase"]
[SourceDate "2014.07.01"]
[SourceVersion "1"]
[SourceVersionDate "2014.07.01"]
[SourceQuality "1"]

1. e4 c5 2. Nf3 Nc6 3. d4 cxd4 4. Nxd4 Nf6 5. Nc3 e5 6. Ndb5 d6 7. Bg5 a6 8. Na3 b5 9. Nd5 Be7 10. Bxf6 Bxf6 11. c3 0-0 12. Nc2 Bg5 13. a4 bxa4 14. Rxa4 a5 15. Bb5 Bb7 16. 0-0 Ne7 17. Nxe7+ Qxe7 18. Qd3 Rfd8 19. Bc4 Bc6 20. Ra2 Rab8 21. b4 Qb7 22. Bd5 Bxd5 23. Qxd5 Qxd5 24. exd5 axb4 25. Nxb4 Rdc8 26. Nc6 Rb3 27. c4 h5 28. g3 h4 29. Kg2 Rc3 30. f4 exf4 31. gxh4 Bf6 32. Rxf4 Re8 33. Raf2 Kh7 34. h5 Kh6 35. Nd4 Bxd4 36. Rxd4 f6 37. Rdf4 Re5 38. R2f3 Rc2+ 39. Rf2 Rc1 40. Rf1 Rc3 41. R1f3 Re2+ 42. Rf2 Re7 43. R2f3 Rc2+ 44. Rf2 Rc1 45. Rf1 Rxf1 46. Kxf1 Kxh5 47. Rd4 g5 48. c5 dxc5 49. Rc4 Re5 50. Rxc5 f5 51. Kf2 f4 52. Ra5 Kg4 53. Rb5 Kh4 54. Ra5 Kh3 55. Ra3+ Kxh2 56. Rd3 g4 57. d6 Re8 58. d7 Rd8 59. Rd6 g3+ 60. Kf3 g2 61. Rh6+ Kg1 62. Rg6 Rxd7 63. Rxg2+ Kf1 1/2-1/2

[Event "Padova op-A 16th"]
[Site "Padova"]
[Date "2013.12.20"]
[Round "7"]
[White "Sanchez, Joseph"]
[Black "Borgo, Giulio"]
[Result "0-1"]
[WhiteElo "2534"]
[BlackElo "2369"]
[PlyCount "122"]
[EventDate "2013.12.15"]
[EventType "swiss"]
[EventRounds "9"]
[EventCountry "ITA"]
[SourceTitle "CBM 158 Extra"]
[Source "ChessBase"]
[SourceDate "2014.02.28"]
[SourceVersion "1"]
[SourceVersionDate "2014.02.28"]
[SourceQuality "1"]

1. e4 e6 2. d4 d5 3. Nc3 Nc6 4. Nf3 Nf6 5. Bd3 Bb4 6. e5 Ne4 7. Bd2 Nxd2 8. Qxd2 0-0 9. a3 Ba5 10. 0-0 f6 11. exf6 Qxf6 12. Bb5 Ne7 13. Nxd5 Nxd5 14. Qxa5 Nf4 15. Qc3 Bd7 16. Bc4 Bc6 17. Rfe1 Rae8 18. Re3 Qf5 19. Bf1 Nd5 20. Qd2 Nxe3 21. fxe3 Bxf3 22. gxf3 Qg5+ 23. Kf2 Qh4+ 24. Kg2 Qg5+ 25. Kf2 Qh4+ 26. Kg2 e5 27. Qf2 Qg5+ 28. Kh1 exd4 29. exd4 Kh8 30. Bd3 Qf4 31. Rf1 Re3 32. Kg2 Qxd4 33. Re1 Rfe8 34. Rxe3 Qxe3 35. Qh4 Qd2+ 36. Kh3 Qh6 37. Qxh6 gxh6 38. Kg4 Re5 39. f4 Rc5 40. h3 Kg7 41. Kf3 a5 42. a4 b6 43. b3 h5 44. Ke4 h4 45. Kd4 Rc6 46. Ke5 Rd6 47. f5 h6 48. Bc4 Rc6 49. Kd5 Rc5+ 50. Ke6 Kf8 51. Bd3 Rc3 52. f6 Rc6+ 53. Ke5 Rc5+ 54. Ke6 Rg5 55. Bf5 Rg3 56. Kd7 Rf3 57. Bg4 Rc3 58. Be6 Rxc2 59. Bc4 Rc3 60. Kxc7 Rxh3 61. Kxb6 Rf3 0-1

[Event "Padova op-A 16th"]
[Site "Padova"]
[Date "2013.12.17"]
[Round "4"]
[White "Sanchez, Joseph"]
[Black "Manca, Federico"]
[Result "0-1"]
[WhiteElo "2534"]
[BlackElo "2402"]
[PlyCount "34"]
[EventDate "2013.12.15"]
[EventType "swiss"]
[EventRounds "9"]
[EventCountry "ITA"]
[SourceTitle "CBM 158 Extra"]
[Source "ChessBase"]
[SourceDate "2014.02.28"]
[SourceVersion "1"]
[SourceVersionDate "2014.02.28"]
[SourceQuality "1"]

1. e4 e5 2. Nf3 Nc6 3. Nc3 Nf6 4. Bb5 Nd4 5. Ba4 Bc5 6. Nxe5 0-0 7. d3 d5 8. 0-0 Qe7 9. Nf3 dxe4 10. dxe4 Bg4 11. e5 Rad8 12. exf6 Qxf6 13. Bg5 Qf5 14. Nxd4 Rxd4 15. Qc1 Bf3 16. Bd7 Rg4 17. g3 Qxd7 0-1

[Event "Milan Crespi op-A 34th"]
[Site "Milan"]
[Date "2013.12.05"]
[Round "6"]
[White "Arnaudov, Petar G"]
[Black "Sanchez, Joseph"]
[Result "1/2-1/2"]
[WhiteElo "2448"]
[BlackElo "2529"]
[PlyCount "57"]
[EventDate "2013.11.30"]
[EventType "swiss"]
[EventRounds "9"]
[EventCountry "ITA"]
[SourceTitle "CBM 157 Extra"]
[Source "ChessBase"]
[SourceDate "2013.12.19"]
[SourceVersion "1"]
[SourceVersionDate "2013.12.19"]
[SourceQuality "1"]

1. d4 Nf6 2. c4 c6 3. Nc3 d5 4. Nf3 a6 5. cxd5 cxd5 6. Bf4 Nc6 7. Rc1 Bf5 8. e3 e6 9. Qb3 Bd6 10. Qxb7 Na5 11. Qxa8 Qxa8 12. Bxd6 Nd7 13. b3 f6 14. Na4 Nc6 15. Be2 Kf7 16. 0-0 Rc8 17. Rc3 Na7 18. Rfc1 Rxc3 19. Nxc3 g5 20. Ne1 Qc6 21. Ba3 Qb7 22. Nd3 Bxd3 23. Bxd3 Nb5 24. Bb4 h5 25. Ba5 Ke7 26. Bb4+ Kf7 27. Ba5 Ke7 28. Nxb5 axb5 29. Bb4+ 1/2-1/2

[Event "Milan Crespi op-A 34th"]
[Site "Milan"]
[Date "2013.12.04"]
[Round "5"]
[White "Sanchez, Joseph"]
[Black "Bejtovic, Jasmin"]
[Result "1-0"]
[WhiteElo "2529"]
[BlackElo "2394"]
[PlyCount "75"]
[EventDate "2013.11.30"]
[EventType "swiss"]
[EventRounds "9"]
[EventCountry "ITA"]
[SourceTitle "CBM 157 Extra"]
[Source "ChessBase"]
[SourceDate "2013.12.19"]
[SourceVersion "1"]
[SourceVersionDate "2013.12.19"]
[SourceQuality "1"]

1. e4 c5 2. Nf3 Nc6 3. d4 cxd4 4. Nxd4 g6 5. Nc3 Bg7 6. Be3 Nf6 7. Bc4 Qa5 8. 0-0 0-0 9. Nb3 Qc7 10. f4 d6 11. Be2 b6 12. Bf3 Ba6 13. Re1 Rfd8 14. g4 e6 15. Nd4 Nxd4 16. Bxd4 e5 17. Bf2 Bb7 18. g5 Nd7 19. f5 Nc5 20. Nd5 Bxd5 21. Qxd5 Rac8 22. c3 b5 23. Rad1 Rb8 24. h4 Na4 25. Qd2 Nb6 26. Kg2 d5 27. Qe2 gxf5 28. exf5 e4 29. Bg4 Nc4 30. f6 Bf8 31. Bg3 Qc6 32. Bf5 Rb7 33. Bxe4 dxe4 34. Rxd8 e3+ 35. Qf3 Qb6 36. Qd5 e2 37. Rxe2 Qe3 38. Rxf8+ 1-0

[Event "Milan Crespi op-A 34th"]
[Site "Milan"]
[Date "2013.12.03"]
[Round "4"]
[White "Tonndorf, Matthias"]
[Black "Sanchez, Joseph"]
[Result "0-1"]
[WhiteElo "2219"]
[BlackElo "2529"]
[PlyCount "92"]
[EventDate "2013.11.30"]
[EventType "swiss"]
[EventRounds "9"]
[EventCountry "ITA"]
[SourceTitle "CBM 157 Extra"]
[Source "ChessBase"]
[SourceDate "2013.12.19"]
[SourceVersion "1"]
[SourceVersionDate "2013.12.19"]
[SourceQuality "1"]

1. e4 c5 2. Nf3 Nc6 3. d4 cxd4 4. Nxd4 Nf6 5. Nc3 e5 6. Ndb5 d6 7. Bg5 a6 8. Na3 b5 9. Nd5 Be7 10. Bxf6 Bxf6 11. c3 0-0 12. Nc2 Rb8 13. Be2 Bg5 14. 0-0 Kh8 15. Bg4 Be6 16. Bxe6 fxe6 17. Ndb4 Rb6 18. Nxc6 Rxc6 19. Nb4 Rc4 20. Nxa6 Qb6 21. Nb4 Rxe4 22. a4 bxa4 23. Rxa4 Be7 24. Ra6 Qb7 25. Qa4 Re2 26. Qc6 Qxc6 27. Nxc6 Bg5 28. Nb4 Rxb2 29. g3 Rd2 30. h4 Bf6 31. Rfa1 e4 32. Ra8 Kg8 33. Rxf8+ Kxf8 34. Ra8+ Kf7 35. Rc8 Kg6 36. Kf1 Kf5 37. Ke1 Rb2 38. Kf1 h5 39. Nc6 Rc2 40. Rf8 e5 41. Rc8 d5 42. Nb4 Rc1+ 43. Ke2 d4 44. Kd2 Rb1 45. Nc2 Kg4 46. Rc5 d3 0-1

[Event "Milan Crespi op-A 34th"]
[Site "Milan"]
[Date "2013.12.02"]
[Round "3"]
[White "Sanchez, Joseph"]
[Black "Bemporad, Filippo"]
[Result "1-0"]
[WhiteElo "2529"]
[BlackElo "2026"]
[PlyCount "39"]
[EventDate "2013.11.30"]
[EventType "swiss"]
[EventRounds "9"]
[EventCountry "ITA"]
[SourceTitle "CBM 157 Extra"]
[Source "ChessBase"]
[SourceDate "2013.12.19"]
[SourceVersion "1"]
[SourceVersionDate "2013.12.19"]
[SourceQuality "1"]

1. e4 c5 2. Nf3 d6 3. d4 cxd4 4. Nxd4 Nf6 5. Nc3 e6 6. g4 h6 7. Rg1 Be7 8. Be3 a6 9. h4 Nh7 10. g5 hxg5 11. hxg5 Nxg5 12. Qd2 Nh7 13. Rxg7 Bd7 14. 0-0-0 Nc6 15. Be2 Bf8 16. Rxf7 Nf6 17. Rxf8+ Rxf8 18. Bg5 Qe7 19. Nxc6 Bxc6 20. Bh5+ 1-0

[Event "Crema op 15th"]
[Site "Crema"]
[Date "2013.09.01"]
[Round "6"]
[White "Sanchez, Joseph"]
[Black "Mussap, Angelo"]
[Result "1-0"]
[WhiteElo "2541"]
[BlackElo "2053"]
[PlyCount "28"]
[EventDate "2013.08.30"]
[EventType "swiss"]
[EventRounds "6"]
[EventCountry "ITA"]
[SourceTitle "EXT 2015"]
[Source "ChessBase"]
[SourceDate "2014.11.20"]
[SourceVersion "1"]
[SourceVersionDate "2014.11.20"]
[SourceQuality "1"]

1. e4 e5 2. Nf3 Nf6 3. Nc3 Nc6 4. Bb5 Bd6 5. 0-0 0-0 6. d3 h6 7. a3 Ne7 8. d4 Ng6 9. Bd3 c6 10. Ne2 Bc7 11. dxe5 Ng4 12. Nc3 N6xe5 13. Nxe5 Bxe5 14. Qxg4 d5 1-0

[Event "Crema op 15th"]
[Site "Crema"]
[Date "2013.08.31"]
[Round "3"]
[White "Corti, Massimo"]
[Black "Sanchez, Joseph"]
[Result "0-1"]
[WhiteElo "2008"]
[BlackElo "2541"]
[PlyCount "48"]
[EventDate "2013.08.30"]
[EventType "swiss"]
[EventRounds "6"]
[EventCountry "ITA"]
[SourceTitle "EXT 2015"]
[Source "ChessBase"]
[SourceDate "2014.11.20"]
[SourceVersion "1"]
[SourceVersionDate "2014.11.20"]
[SourceQuality "1"]

1. d4 d5 2. c4 c6 3. Nc3 Nf6 4. e3 a6 5. f4 Bf5 6. Nf3 e6 7. Bd3 dxc4 8. Bxc4 b5 9. Be2 c5 10. 0-0 Nc6 11. Ne5 Rc8 12. g4 cxd4 13. gxf5 dxc3 14. fxe6 fxe6 15. Qb3 Nd5 16. bxc3 Nxe5 17. fxe5 Rxc3 18. Qb1 Bc5 19. Bh5+ g6 20. Bxg6+ hxg6 21. Qxg6+ Kd7 22. Qf7+ Be7 23. Rf6 Nxf6 24. exf6 Qg8+ 0-1

[Event "Ghent Taminco op 36th"]
[Site "Ghent"]
[Date "2013.07.24"]
[Round "9"]
[White "Sanchez, Joseph"]
[Black "Kunin, Vitaly L"]
[Result "1-0"]
[WhiteElo "2533"]
[BlackElo "2502"]
[PlyCount "155"]
[EventDate "2013.07.20"]
[EventType "swiss"]
[EventRounds "9"]
[EventCountry "BEL"]
[SourceTitle "CBM 155 Extra"]
[Source "ChessBase"]
[SourceDate "2013.08.26"]
[SourceVersion "1"]
[SourceVersionDate "2013.08.26"]
[SourceQuality "1"]

1. e4 e6 2. d4 d5 3. Nc3 dxe4 4. Nxe4 Bd7 5. Nf3 Bc6 6. Bd3 Nd7 7. 0-0 Ngf6 8. Ng3 Be7 9. Re1 Bxf3 10. Qxf3 c6 11. c4 0-0 12. b3 Qa5 13. Re2 Rfe8 14. a3 Rad8 15. Bb2 Nf8 16. b4 Qc7 17. Ne4 Nxe4 18. Rxe4 f5 19. Re2 Bf6 20. Rae1 Bxd4 21. Bxd4 Rxd4 22. Bxf5 Rxc4 23. Qb3 b5 24. g3 Qf7 25. Bd3 Rd4 26. Be4 Rc8 27. Rc1 Qd7 28. Rc5 Qd6 29. Qc3 a6 30. Bxc6 Rd1+ 31. Kg2 Rd3 32. Qc2 Rxc6 33. Rxc6 Qd5+ 34. f3 Qxf3+ 35. Kg1 Rxa3 36. Re1 Ra2 37. Qxa2 Qxc6 38. Qd2 h6 39. Rc1 Qb6+ 40. Qf2 Qd8 41. Rf1 Ng6 42. Qf7+ Kh7 43. Qxe6 Qd4+ 44. Kg2 Qxb4 45. Qf5 Qd6 46. h4 Qc6+ 47. Kh2 Kg8 48. Rd1 Qe8 49. Rc1 Nf8 50. Rc8 Qe7 51. Ra8 b4 52. Qd5+ Kh8 53. Qf3 Kg8 54. Rxa6 Qc5 55. Ra8 Qd6 56. Rc8 Qd2+ 57. Kh3 Qd6 58. Qb3+ Kh7 59. Qf7 Qd7+ 60. Qxd7 Nxd7 61. Rd8 Nf6 62. Rd4 b3 63. Rb4 g5 64. Rxb3 Kg6 65. Rb5 gxh4 66. Kxh4 Kg7 67. Rb7+ Kg6 68. Rb6 Kg7 69. Rb5 Kg6 70. g4 Kg7 71. Kg3 Ne4+ 72. Kf4 Nd6 73. Rb6 Nf7 74. Kf5 Nd8 75. Rd6 Nf7 76. Rd7 Kg8 77. Kf6 Nh8 78. Ra7 1-0

[Event "Ghent Taminco op 36th"]
[Site "Ghent"]
[Date "2013.07.23"]
[Round "7"]
[White "Sanchez, Joseph"]
[Black "Larmuseau, Maarten"]
[Result "1-0"]
[WhiteElo "2533"]
[BlackElo "2230"]
[PlyCount "55"]
[EventDate "2013.07.20"]
[EventType "swiss"]
[EventRounds "9"]
[EventCountry "BEL"]
[SourceTitle "CBM 155 Extra"]
[Source "ChessBase"]
[SourceDate "2013.08.26"]
[SourceVersion "1"]
[SourceVersionDate "2013.08.26"]
[SourceQuality "1"]

1. e4 e6 2. d4 d5 3. Nd2 Be7 4. c3 c5 5. dxc5 Bxc5 6. Bd3 Nf6 7. Qe2 Nc6 8. Ngf3 Be7 9. 0-0 0-0 10. Re1 b6 11. e5 Nd7 12. b4 Qc7 13. Nb3 f6 14. exf6 Nxf6 15. Bg5 Bd6 16. b5 Nd8 17. c4 Qf7 18. Rac1 Nb7 19. Bh4 Bf4 20. Ng5 Bxg5 21. Bxg5 dxc4 22. Rxc4 Nd6 23. Rf4 e5 24. Qxe5 Re8 25. Bxf6 Bf5 26. Be7 Qxe7 27. Qxe7 Bxd3 28. Rf8+ 1-0

[Event "Ghent Taminco op 36th"]
[Site "Ghent"]
[Date "2013.07.21"]
[Round "4"]
[White "Ponnet, Hendrik"]
[Black "Sanchez, Joseph"]
[Result "0-1"]
[WhiteElo "2222"]
[BlackElo "2533"]
[PlyCount "80"]
[EventDate "2013.07.20"]
[EventType "swiss"]
[EventRounds "9"]
[EventCountry "BEL"]
[SourceTitle "CBM 155 Extra"]
[Source "ChessBase"]
[SourceDate "2013.08.26"]
[SourceVersion "1"]
[SourceVersionDate "2013.08.26"]
[SourceQuality "1"]

1. e4 d5 2. exd5 Qxd5 3. Nc3 Qd6 4. Nf3 Nf6 5. d4 Bg4 6. h3 Bh5 7. g4 Bg6 8. Ne5 Nbd7 9. Nc4 Qe6+ 10. Ne3 h5 11. Bg2 c6 12. f4 hxg4 13. hxg4 Rxh1+ 14. Bxh1 Qd6 15. Nc4 Qe6+ 16. Ne3 Bh7 17. Qf3 Nb6 18. g5 Nfd5 19. f5 Qd7 20. Ncxd5 Nxd5 21. Nxd5 cxd5 22. Qxd5 0-0-0 23. Qc5+ Kb8 24. Bf4+ Ka8 25. 0-0-0 Bxf5 26. Qa5 Rc8 27. c3 e6 28. d5 Bc5 29. d6 e5 30. Rd5 Bb6 31. Qb5 f6 32. gxf6 gxf6 33. Qxd7 Bxd7 34. Bxe5 fxe5 35. Rxe5 Bc5 36. Rd5 Be3+ 37. Kc2 Rh8 38. Be4 Bc6 39. Re5 Bf4 40. Re6 Re8 0-1

[Event "FRA-chT Top 12"]
[Site "Haguenau"]
[Date "2013.06.09"]
[Round "11.2"]
[White "Baron, Tal"]
[Black "Sanchez, Joseph"]
[Result "1-0"]
[WhiteElo "2467"]
[BlackElo "2533"]
[PlyCount "49"]
[EventDate "2013.05.30"]
[EventType "team-tourn"]
[EventRounds "11"]
[EventCountry "FRA"]
[SourceTitle "CBM 154 Extra"]
[Source "ChessBase"]
[SourceDate "2013.06.25"]
[SourceVersion "2"]
[SourceVersionDate "2013.06.25"]
[SourceQuality "1"]
[WhiteTeam "Rueil Malmaison"]
[BlackTeam "Grasse Echecs"]
[WhiteTeamCountry "FRA"]
[BlackTeamCountry "FRA"]

1. e4 d5 2. exd5 Qxd5 3. Nc3 Qa5 4. d4 Nf6 5. Nf3 c6 6. Bc4 Bf5 7. Bd2 e6 8. Nd5 Qd8 9. Nxf6+ Qxf6 10. Qe2 Nd7 11. d5 cxd5 12. Bxd5 Be7 13. Bc3 Bb4 14. Bxb4 Qxb2 15. 0-0 Qxb4 16. Rab1 Qa4 17. Bxb7 Rb8 18. Ne5 Qxc2 19. Qb5 Qc7 20. Nxd7 a6 21. Nf6+ Ke7 22. Qxf5 Rxb7 23. Nd5+ exd5 24. Rfe1+ Kf8 25. Rbc1 1-0

[Event "ITA-chT A1.1"]
[Site "Arvier"]
[Date "2013.03.16"]
[Round "2"]
[White "Bellia, Fabrizio"]
[Black "Sanchez, Joseph"]
[Result "1/2-1/2"]
[WhiteElo "2416"]
[BlackElo "2531"]
[PlyCount "83"]
[EventDate "2013.03.15"]
[EventType "team"]
[EventRounds "5"]
[EventCountry "ITA"]
[SourceTitle "EXT 2014"]
[Source "ChessBase"]
[SourceDate "2013.11.20"]
[SourceVersion "1"]
[SourceVersionDate "2013.11.20"]
[SourceQuality "1"]

1. d4 Nf6 2. c4 c6 3. Nc3 d5 4. cxd5 cxd5 5. Bf4 Nc6 6. e3 a6 7. Bd3 Bg4 8. Nge2 Rc8 9. 0-0 e6 10. Rc1 Be7 11. a3 0-0 12. f3 Bh5 13. Na4 Nd7 14. b4 Re8 15. Bg3 Bg5 16. Nf4 Bg6 17. Re1 Bxf4 18. Bxf4 Bxd3 19. Qxd3 e5 20. dxe5 Ndxe5 21. Bxe5 Rxe5 22. Nc5 Re7 23. Rcd1 Qe8 24. Qxd5 Rd8 25. Qg5 h6 26. Rxd8 Qxd8 27. Qg3 Qd2 28. e4 Ne5 29. f4 Nc4 30. f5 Kh7 31. Nb3 Qb2 32. Qd3 Ne5 33. Qg3 Rd7 34. Nc5 Rd2 35. h3 b6 36. Na4 Qd4+ 37. Qe3 Qd6 38. Nxb6 Rd3 39. Qf2 Rd2 40. Qe3 Rd3 41. Qf2 Rd2 42. Qe3 1/2-1/2

[Event "ITA-chT A1.1"]
[Site "Arvier"]
[Date "2013.03.15"]
[Round "1"]
[White "Sanchez, Joseph"]
[Black "Georgiev, Vladimir"]
[Result "0-1"]
[WhiteElo "2531"]
[BlackElo "2562"]
[PlyCount "90"]
[EventDate "2013.03.15"]
[EventType "team"]
[EventRounds "5"]
[EventCountry "ITA"]
[SourceTitle "EXT 2014"]
[Source "ChessBase"]
[SourceDate "2013.11.20"]
[SourceVersion "1"]
[SourceVersionDate "2013.11.20"]
[SourceQuality "1"]

1. e4 e5 2. Nf3 Nc6 3. d4 exd4 4. Nxd4 Bc5 5. Nb3 Bb6 6. Nc3 Nf6 7. Qe2 0-0 8. Be3 Re8 9. Bxb6 axb6 10. 0-0-0 d5 11. f3 Bd7 12. g4 dxe4 13. g5 Nh5 14. Nxe4 Qe7 15. Rg1 Be6 16. Kb1 Rad8 17. Rxd8 Qxd8 18. Qe1 Ne5 19. Be2 Nf4 20. Bd1 Bxb3 21. axb3 Qd4 22. Rf1 Kf8 23. Qc3 Qxc3 24. Nxc3 Nd7 25. Kc1 Nc5 26. Rg1 Re5 27. Rg4 Nce6 28. Ne4 Nh3 29. Be2 Nhxg5 30. Nxg5 Rxe2 31. Nxh7+ Ke7 32. Ng5 f5 33. Rg1 Nxg5 34. Rxg5 Kf6 35. Rh5 Rf2 36. f4 Rxf4 37. Kd2 Re4 38. Kd3 b5 39. Rh8 Kg5 40. Rg8 Re7 41. b4 Kg4 42. b3 f4 43. c4 Kf3 44. h4 Kg2 45. h5 f3 0-1